[Event "Bay Area op"]
[Site "Santa Clara"]
[Date "2014.01.04"]
[Round "4"]
[White "Schiller, Eric Andrew"]
[Black "Klotz Burwell, Hunter P"]
[Result "0-1"]
[WhiteElo "2061"]
[BlackElo "2006"]
[PlyCount "74"]
[EventDate "2014.01.02"]
[EventType "swiss"]
[EventRounds "9"]
[EventCountry "USA"]
[SourceTitle "CBM 158 Extra"]
[Source "ChessBase"]
[SourceDate "2014.02.28"]
[SourceVersion "1"]
[SourceVersionDate "2014.02.28"]
[SourceQuality "1"]

1. d4 d5 2. Nf3 Nf6 3. e3 e6 4. Bd3 c5 5. b3 Nc6 6. Bb2 Be7 7. 0-0 0-0 8. Ne5 Ne4 9. f3 Nf6 10. Nd2 cxd4 11. Nxc6 bxc6 12. Bxd4 c5 13. Bb2 Nd7 14. f4 Bf6 15. Bxf6 Qxf6 16. c4 Bb7 17. Qf3 Rad8 18. Qh3 g6 19. Nf3 Qg7 20. Rae1 f5 21. g4 Nf6 22. g5 Ng4 23. Qg2 d4 24. exd4 cxd4 25. Rxe6 Ne3 26. Qe2 Qd7 27. Rxe3 dxe3 28. Ne5 Qd4 29. c5 Qxc5 30. Bc4+ Kg7 31. b4 Qd4 32. h4 Qe4 33. Rf3 Rd2 34. Qxe3 Qxe3+ 35. Rxe3 Rfd8 36. Nf3 Bxf3 37. Rxf3 Rc2 0-1

[Event "Gibraltar Masters 10th"]
[Site "Caleta"]
[Date "2012.02.02"]
[Round "10"]
[White "Schiller, Eric Andrew"]
[Black "Andersen, Daniel"]
[Result "0-1"]
[WhiteElo "2109"]
[BlackElo "1884"]
[PlyCount "62"]
[EventDate "2012.01.24"]
[EventType "swiss"]
[EventRounds "10"]
[EventCountry "GGB"]
[SourceTitle "CBM 147"]
[Source "ChessBase"]
[SourceDate "2012.03.16"]
[SourceVersion "1"]
[SourceVersionDate "2012.03.16"]
[SourceQuality "1"]

1. d4 Nf6 2. Nf3 g6 3. c4 Bg7 4. Nc3 d5 5. cxd5 Nxd5 6. Qb3 Nxc3 7. bxc3 0-0 8. e4 c5 9. Bb2 cxd4 10. cxd4 Nc6 11. Rd1 Na5 12. Qa3 b6 13. d5 Bb7 14. Bxg7 Kxg7 15. Be2 Rc8 16. 0-0 Rc5 17. Rc1 Qd6 18. Rxc5 Qxc5 19. Qxc5 bxc5 20. Rc1 Rc8 21. Rc3 c4 22. Kf1 f5 23. exf5 Bxd5 24. Nd4 gxf5 25. Nxf5+ Kf6 26. Ne3 Ke5 27. Ke1 Kd4 28. Kd2 Rb8 29. Ra3 Rb5 30. f3 Bf7 31. Nf5+ Rxf5 0-1

[Event "Gibraltar Masters 10th"]
[Site "Caleta"]
[Date "2012.01.30"]
[Round "7"]
[White "Lundback, Karl"]
[Black "Schiller, Eric Andrew"]
[Result "0-1"]
[WhiteElo "1907"]
[BlackElo "2109"]
[PlyCount "92"]
[EventDate "2012.01.24"]
[EventType "swiss"]
[EventRounds "10"]
[EventCountry "GGB"]
[SourceTitle "CBM 147"]
[Source "ChessBase"]
[SourceDate "2012.03.16"]
[SourceVersion "1"]
[SourceVersionDate "2012.03.16"]
[SourceQuality "1"]

1. e4 c6 2. d3 d5 3. Nd2 e5 4. Ngf3 Bd6 5. g3 Nf6 6. Bg2 0-0 7. 0-0 Bg4 8. h3 Be6 9. Re1 Qc7 10. Qe2 Nbd7 11. Ng5 h6 12. Nxe6 fxe6 13. Nf3 Nh7 14. c3 Bc5 15. Be3 dxe4 16. dxe4 Rf6 17. Nh2 Raf8 18. Bxc5 Nxc5 19. Qe3 Qb6 20. Ng4 R6f7 21. b4 Na4 22. Qxb6 axb6 23. Re2 Nxc3 24. Rc2 Nb5 25. Nxe5 Rc7 26. Rd2 c5 27. Nd7 Rf7 28. Ne5 Rf8 29. Bf1 Nd4 30. Bc4 Ng5 31. Kg2 Nxe4 32. Rb2 b5 33. Bd3 Nd6 34. bxc5 Rxc5 35. Nd7 Rc3 36. Nxf8 Rxd3 37. Ng6 Nc4 38. Rbb1 Nc2 39. Rd1 Rxd1 40. Rxd1 N2e3+ 41. fxe3 Nxe3+ 42. Kf3 Nxd1 43. Nf4 Kf7 44. Nd3 Ke7 45. h4 Nc3 46. Nc1 e5 0-1

[Event "Gibraltar Masters 10th"]
[Site "Caleta"]
[Date "2012.01.29"]
[Round "6"]
[White "Schiller, Eric Andrew"]
[Black "Leimeister, Winfried"]
[Result "0-1"]
[WhiteElo "2109"]
[BlackElo "1918"]
[PlyCount "88"]
[EventDate "2012.01.24"]
[EventType "swiss"]
[EventRounds "10"]
[EventCountry "GGB"]
[SourceTitle "CBM 147"]
[Source "ChessBase"]
[SourceDate "2012.03.16"]
[SourceVersion "1"]
[SourceVersionDate "2012.03.16"]
[SourceQuality "1"]

1. d4 Nf6 2. e3 g6 3. Nf3 Bg7 4. c4 d6 5. Nc3 0-0 6. Be2 Nbd7 7. 0-0 e5 8. b4 Re8 9. c5 e4 10. Ng5 d5 11. Qb3 c6 12. f3 Nh5 13. Ncxe4 h6 14. Nxf7 Kxf7 15. Nd6+ Kg8 16. Nxe8 Qxe8 17. Bb2 Nf8 18. Rfe1 Be6 19. a4 Qe7 20. b5 g5 21. a5 a6 22. bxc6 bxc6 23. Ra4 g4 24. Rb4 Qh4 25. Rf1 g3 26. hxg3 Nxg3 27. Bd3 Nxf1 28. Bxf1 Qe1 29. Rb6 Bd7 30. Qc3 Qxc3 31. Bxc3 Ne6 32. Bb4 Nc7 33. Rb7 Rc8 34. Ra7 Bf5 35. Bxa6 Nxa6 36. Rxa6 Bd3 37. Rb6 Bf6 38. Rb7 Re8 39. Rb6 Rxe3 40. Rxc6 Bxd4 41. Kh2 Be5+ 42. Kh3 Bf5+ 43. g4 Rxf3+ 44. Kg2 Be4 0-1

[Event "Gibraltar Masters 10th"]
[Site "Caleta"]
[Date "2012.01.25"]
[Round "2"]
[White "Schiller, Eric Andrew"]
[Black "Collins, Andrew"]
[Result "1-0"]
[WhiteElo "2109"]
[BlackElo "1998"]
[PlyCount "109"]
[EventDate "2012.01.24"]
[EventType "swiss"]
[EventRounds "10"]
[EventCountry "GGB"]
[SourceTitle "CBM 147"]
[Source "ChessBase"]
[SourceDate "2012.03.16"]
[SourceVersion "1"]
[SourceVersionDate "2012.03.16"]
[SourceQuality "1"]

1. e4 e5 2. Bc4 Bc5 3. Nf3 Nc6 4. b4 Bxb4 5. c3 Ba5 6. d4 exd4 7. 0-0 Nf6 8. e5 Ne4 9. cxd4 d5 10. Bb5 Bd7 11. Qb3 Nb4 12. Bxd7+ Qxd7 13. e6 Qxe6 14. Ba3 Nc6 15. Qxb7 Rb8 16. Qa6 Bb6 17. Qa4 Kd8 18. Rc1 Ne7 19. Ne5 Rb7 20. Re1 f6 21. Bxe7+ Kxe7 22. Nc6+ Kf7 23. f3 Nc5 24. Rxe6 Nxa4 25. Re7+ Kg6 26. Nd2 Nc3 27. Rd7 Re8 28. Kf1 Re2 29. Nb3 Rxa2 30. Rxa2 Nxa2 31. Ne7+ Kg5 32. Rxd5+ Kf4 33. Kf2 Bxd4+ 34. Nxd4 Rb2+ 35. Ne2+ Rxe2+ 36. Kxe2 Nc3+ 37. Kd3 Nxd5 38. Nxd5+ Kg5 39. Nxc7 h5 40. Na6 Kf4 41. Nb4 g5 42. Nd5+ Ke5 43. Ne3 Kf4 44. Ke2 f5 45. Nd5+ Ke5 46. Ne7 a6 47. Ke3 f4+ 48. Kd3 g4 49. Nc6+ Kf5 50. Nd4+ Ke5 51. Ne2 Kf5 52. Kd4 h4 53. h3 a5 54. fxg4+ Kg5 55. Ke4 1-0

[Event "Gibraltar Masters 10th"]
[Site "Caleta"]
[Date "2012.01.24"]
[Round "1"]
[White "Marley, Andrew"]
[Black "Schiller, Eric Andrew"]
[Result "1-0"]
[WhiteElo "1889"]
[BlackElo "2109"]
[PlyCount "91"]
[EventDate "2012.01.24"]
[EventType "swiss"]
[EventRounds "10"]
[EventCountry "GGB"]
[SourceTitle "CBM 147"]
[Source "ChessBase"]
[SourceDate "2012.03.16"]
[SourceVersion "1"]
[SourceVersionDate "2012.03.16"]
[SourceQuality "1"]

1. d4 d5 2. Nf3 e6 3. c4 c5 4. cxd5 exd5 5. g3 Nc6 6. Bg2 Nf6 7. 0-0 Be7 8. Nc3 0-0 9. Bg5 cxd4 10. Nxd4 h6 11. Bf4 Qb6 12. Ncb5 Nxd4 13. Nxd4 Qxb2 14. Qd3 Bc5 15. Nb5 Bf5 16. Qxf5 Qxb5 17. Rac1 b6 18. Bxh6 Qd7 19. Qg5 Qg4 20. Rcd1 Qxg5 21. Bxg5 Ne4 22. Rxd5 Nc3 23. Rd2 Rae8 24. Bc6 Rxe2 25. Rxe2 Nxe2+ 26. Kg2 Nd4 27. Bd5 Re8 28. Be3 Re5 29. Bb7 Ne6 30. Bxc5 Nxc5 31. Bf3 Nd3 32. Bd1 Kf8 33. f4 Ra5 34. Bb3 Nb4 35. Rf2 Ra3 36. Rd2 a5 37. Rd7 Nxa2 38. Rxf7+ Kg8 39. Be6 Re3 40. f5 Nc3 41. Rb7+ Kh8 42. Bf7 g5 43. f6 Re2+ 44. Kf3 Rd2 45. Bg6 Rd8 46. Rh7+ 1-0

[Event "Bay Area op"]
[Site "Atherton"]
[Date "2010.10.02"]
[Round "2"]
[White "Schiller, Eric Andrew"]
[Black "Taghizadeh, Rayan"]
[Result "1-0"]
[WhiteElo "2174"]
[BlackElo "1770"]
[PlyCount "89"]
[EventDate "2010.02.10"]
[EventType "swiss"]
[EventCountry "USA"]
[SourceTitle "EXT 2022"]
[Source "ChessBase"]
[SourceDate "2021.10.06"]
[SourceVersion "1"]
[SourceVersionDate "2021.10.06"]
[SourceQuality "1"]

1. d4 Nf6 2. Nf3 d5 3. e3 e6 4. Bd3 b6 5. 0-0 Bb7 6. b3 Nbd7 7. Bb2 Be7 8. Nbd2 c5 9. Ne5 0-0 10. Qf3 Qc7 11. Qh3 g6 12. Ndf3 Nxe5 13. Nxe5 Rfd8 14. g4 Bc6 15. f4 c4 16. bxc4 Bf8 17. f5 exf5 18. gxf5 Bg7 19. Rf4 g5 20. Rf2 dxc4 21. Bxc4 Bd5 22. Bd3 Be4 23. Qg3 h6 24. Rc1 Rac8 25. Bc4 Bd5 26. Bxd5 Rxd5 27. Qg2 Rb5 28. c4 Ra5 29. a3 b5 30. cxb5 Qxc1+ 31. Bxc1 Rxc1+ 32. Rf1 Rxf1+ 33. Qxf1 Rxa3 34. Qc4 Rxe3 35. Qxf7+ Kh7 36. Qxa7 Nd5 37. b6 Nxb6 38. Qxb6 Bxe5 39. Qg6+ Kh8 40. dxe5 Rxe5 41. Qf6+ Kg8 42. Qxe5 Kf8 43. f6 g4 44. Qe7+ Kg8 45. Qg7# 1-0

[Event "CalChess Masters op"]
[Site "San Francisco"]
[Date "2007.09.30"]
[Round "3"]
[White "Kislik, Erik Andrew"]
[Black "Schiller, Eric Andrew"]
[Result "1-0"]
[WhiteElo "2011"]
[BlackElo "2200"]
[PlyCount "117"]
[EventDate "2007.09.29"]
[EventType "swiss"]
[EventRounds "4"]
[EventCountry "USA"]
[SourceTitle "EXT 2008"]
[Source "ChessBase"]
[SourceDate "2007.11.25"]
[SourceVersion "1"]
[SourceVersionDate "2007.11.25"]
[SourceQuality "1"]

1. c4 e6 2. Nf3 d5 3. g3 c5 4. cxd5 exd5 5. d4 Nc6 6. Nc3 Nf6 7. Bg2 Be7 8. 0-0 0-0 9. Bg5 cxd4 10. Nxd4 h6 11. Be3 Re8 12. Rc1 Bg4 13. a3 Qd7 14. Qb3 Na5 15. Qa2 Nc4 16. Nxd5 Nxd5 17. Bxd5 Qxd5 18. Qxc4 Qh5 19. Qb3 Bf6 20. Nf3 b6 21. Rc7 Re7 22. Rxe7 Bxe7 23. Bd4 Rd8 24. Qc3 Rc8 25. Qe3 Bf8 26. Bc3 Rc7 27. Qe8 Rc8 28. Qe3 Rd8 29. Qe4 Bxf3 30. exf3 Qb5 31. Re1 Qb3 32. Re3 Qd1+ 33. Kg2 Qd7 34. Qe5 f6 35. Qe4 Bc5 36. Re2 Qf7 37. Qf5 Qd7 38. Qg6 Qf7 39. Qg4 Kh7 40. h4 Re8 41. Rxe8 Qxe8 42. Qe4+ Qg6 43. h5 Qxe4 44. fxe4 Kg8 45. f4 Kf7 46. Kf3 Ke6 47. g4 Bd6 48. Bd4 Bc7 49. a4 a6 50. b3 b5 51. Bc5 bxa4 52. bxa4 Ba5 53. Bf8 Kf7 54. Bd6 Ke6 55. Bb8 Bb6 56. Ke2 Kd7 57. Kd3 Kc6 58. Kc4 Be3 59. e5 1-0

[Event "CalChess Masters op"]
[Site "San Francisco"]
[Date "2007.09.29"]
[Round "2"]
[White "Schiller, Eric Andrew"]
[Black "Tserendorj, Batsaikhan"]
[Result "1-0"]
[WhiteElo "2200"]
[BlackElo "2159"]
[PlyCount "77"]
[EventDate "2007.09.29"]
[EventType "swiss"]
[EventRounds "4"]
[EventCountry "USA"]
[SourceTitle "EXT 2008"]
[Source "ChessBase"]
[SourceDate "2007.11.25"]
[SourceVersion "1"]
[SourceVersionDate "2007.11.25"]
[SourceQuality "1"]

1. Nf3 d5 2. d4 Nf6 3. e3 e6 4. Bd3 Be7 5. 0-0 0-0 6. b3 c5 7. Bb2 Nc6 8. Nbd2 cxd4 9. exd4 Nb4 10. Be2 Qc7 11. c4 dxc4 12. bxc4 b6 13. a3 Nc6 14. Bd3 Bb7 15. Rc1 Rfd8 16. Qe2 Qf4 17. Rfe1 Bf8 18. Ne4 Nxe4 19. Bxe4 Na5 20. Bxb7 Nxb7 21. Ne5 Rac8 22. Rc3 f6 23. Ng6 Qd6 24. Nxf8 Kxf8 25. Qe4 Na5 26. Qxh7 Nxc4 27. Rg3 Qxg3 28. hxg3 Nxb2 29. Qh8+ Kf7 30. Qh5+ Kf8 31. Rxe6 Nc4 32. d5 Ne5 33. d6 Nf7 34. Re7 Nxd6 35. Rxa7 Kg8 36. Qg6 Ne8 37. Qf5 Kh8 38. Ra4 g5 39. Ra7 1-0

[Event "Calchess Championship"]
[Site "San Francisco"]
[Date "2007.09.02"]
[Round "?"]
[White "Schiller, Eric Andrew"]
[Black "Yap, Nicolas A"]
[Result "1-0"]
[WhiteElo "2180"]
[BlackElo "2286"]
[PlyCount "73"]
[EventDate "2007.??.??"]
[EventType "swiss"]
[EventCountry "USA"]
[SourceTitle "EXT 2022"]
[Source "ChessBase"]
[SourceDate "2021.10.06"]
[SourceVersion "1"]
[SourceVersionDate "2021.10.06"]
[SourceQuality "1"]

1. Nf3 Nf6 2. d4 e6 3. e3 c5 4. Bd3 b6 5. 0-0 Bb7 6. b3 Be7 7. Bb2 0-0 8. Nbd2 d5 9. Ne5 Nc6 10. f4 Rc8 11. a3 cxd4 12. exd4 g6 13. Qf3 a6 14. Qh3 Nxe5 15. fxe5 Ne4 16. Nf3 b5 17. Bc1 Qb6 18. Bh6 Rfe8 19. Rad1 f5 20. exf6 Bxf6 21. Kh1 a5 22. Qg4 b4 23. axb4 axb4 24. h4 Qd6 25. Bf4 Qe7 26. Ng5 h5 27. Qh3 Rc3 28. Qh2 Qg7 29. Be5 Bxe5 30. dxe5 Rc7 31. Rf6 Rce7 32. Rdf1 Bc6 33. Qf4 Bb7 34. Nxe4 dxe4 35. Bxe4 Bxe4 36. Qxe4 Kh7 37. Qxb4 1-0

[Event "Gibraltar Masters"]
[Site "Gibraltar"]
[Date "2007.01.25"]
[Round "3"]
[White "Rasch, Holger"]
[Black "Schiller, Eric Andrew"]
[Result "1-0"]
[WhiteElo "2272"]
[BlackElo "2180"]
[PlyCount "43"]
[EventDate "2007.01.23"]
[EventType "swiss"]
[EventRounds "9"]
[EventCountry "ENG"]
[SourceTitle "CBM 116 Extra"]
[Source "ChessBase"]
[SourceDate "2007.03.07"]
[SourceVersion "1"]
[SourceVersionDate "2007.03.07"]
[SourceQuality "1"]

1. e4 g6 2. d4 Bg7 3. Nc3 c5 4. dxc5 Bxc3+ 5. bxc3 Qa5 6. Nf3 Qxc3+ 7. Bd2 Qxc5 8. Rb1 Nf6 9. Bd3 0-0 10. Bb4 Qc6 11. e5 Nh5 12. 0-0 Re8 13. Re1 Na6 14. Nd4 Qc7 15. Ba3 Nc5 16. Nb5 Qc6 17. Be2 Ne4 18. Bxh5 gxh5 19. Qxh5 d5 20. exd6 exd6 21. Nxd6 Nxd6 22. Qg5+ 1-0

[Event "Minneapolis HB Global op"]
[Site "Minneapolis"]
[Date "2005.05.18"]
[Round "1"]
[White "Khachiyan, Melikset"]
[Black "Schiller, Eric Andrew"]
[Result "1-0"]
[WhiteElo "2473"]
[BlackElo "2210"]
[PlyCount "97"]
[EventDate "2005.05.18"]
[EventType "swiss"]
[EventRounds "9"]
[EventCountry "USA"]
[SourceTitle "CBM 107"]
[Source "ChessBase"]
[SourceDate "2005.08.01"]
[SourceVersion "1"]
[SourceVersionDate "2005.08.01"]
[SourceQuality "1"]

1. e4 g6 2. d4 Bg7 3. Nc3 c5 4. Be3 Qa5 5. Nge2 Nf6 6. f3 d6 7. Qd2 0-0 8. d5 b5 9. Bh6 b4 10. Nd1 Nbd7 11. Bxg7 Kxg7 12. Ne3 Ne5 13. Nf4 Bd7 14. Nd3 Nxd3+ 15. Bxd3 Bb5 16. b3 Qb6 17. Bxb5 Qxb5 18. a4 Qa6 19. h4 h5 20. 0-0-0 Rh8 21. Kb2 Rac8 22. Nc4 Nd7 23. f4 Nb6 24. Nxb6 Qxb6 25. Qe3 Qa6 26. e5 c4 27. exd6 Qxd6 28. Rhe1 cxb3 29. cxb3 Rc7 30. Qe5+ Qxe5+ 31. fxe5 Rd8 32. Re4 a5 33. Rc4 Ra7 34. Rc5 Kf8 35. Kc2 Rdd7 36. Rd4 f6 37. e6 Rdc7 38. Rdc4 Rxc5 39. Rxc5 g5 40. hxg5 fxg5 41. Kd3 Kg7 42. Ke4 Kf6 43. Rc8 h4 44. Rf8+ Kg6 45. Ke5 Rc7 46. d6 exd6+ 47. Kxd6 Kg7 48. Kxc7 Kxf8 49. Kd7 1-0

[Event "Internet Section 09B g/8'+2\""]
[Site "Dos Hermanas"]
[Date "2004.03.09"]
[Round "6"]
[White "Farahat, Ali"]
[Black "Schiller, Eric Andrew"]
[Result "1-0"]
[WhiteElo "2303"]
[BlackElo "2201"]
[PlyCount "75"]
[EventDate "2004.03.09"]
[EventType "swiss (blitz)"]
[EventRounds "9"]
[EventCountry "ESP"]
[SourceTitle "CBM 099 Extra"]
[Source "ChessBase"]
[SourceDate "2004.05.04"]
[SourceVersion "1"]
[SourceVersionDate "2004.05.04"]
[SourceQuality "1"]

1. e4 g6 2. d4 Bg7 3. Nc3 c5 4. d5 Bxc3+ 5. bxc3 Qa5 6. Nf3 Qxc3+ 7. Bd2 Qg7 8. Bd3 d6 9. 0-0 Bg4 10. Rb1 b6 11. h3 Bxf3 12. Qxf3 Nd7 13. Bb5 Ngf6 14. Bc3 Rd8 15. e5 dxe5 16. d6 exd6 17. Rbd1 Ke7 18. Qc6 Ne8 19. f4 f6 20. Qb7 Rf8 21. Qxa7 Rf7 22. Bc4 Rf8 23. fxe5 fxe5 24. Rxf8 Kxf8 25. Rf1+ Ndf6 26. Qxb6 Qe7 27. Bd2 Kg7 28. Be3 Rd7 29. a4 Rb7 30. Qc6 Rb4 31. Bb3 h6 32. a5 Qc7 33. Bd5 Nxd5 34. Qxd5 Ra4 35. Qe6 Rf4 36. Bxf4 exf4 37. Qxe8 d5 38. Re1 1-0

[Event "Internet Section 08B g/8'+2\""]
[Site "Dos Hermanas"]
[Date "2004.03.09"]
[Round "9"]
[White "Gontcharov, Vladislav"]
[Black "Schiller, Eric Andrew"]
[Result "0-1"]
[WhiteElo "2359"]
[BlackElo "2201"]
[PlyCount "50"]
[EventDate "2004.03.08"]
[EventType "swiss (blitz)"]
[EventRounds "9"]
[EventCountry "ESP"]
[SourceTitle "CBM 099 Extra"]
[Source "ChessBase"]
[SourceDate "2004.05.04"]
[SourceVersion "1"]
[SourceVersionDate "2004.05.04"]
[SourceQuality "1"]

1. d4 g6 2. c4 Bg7 3. Nc3 d6 4. Nf3 c5 5. d5 Bxc3+ 6. bxc3 Qa5 7. Qb3 Nf6 8. a4 0-0 9. Ra3 e6 10. Nd2 Nbd7 11. e4 Nb6 12. Bd3 Bd7 13. Bc2 Ng4 14. 0-0 Ne5 15. f4 Ng4 16. Re1 Rae8 17. Nf3 exd5 18. cxd5 f5 19. Bd2 fxe4 20. c4 exf3 21. Bxa5 f2+ 22. Kf1 fxe1Q+ 23. Bxe1 Rxf4+ 24. Qf3 Nxh2+ 25. Kf2 Nxf3 0-1

[Event "Internet Section 08B g/8'+2\""]
[Site "Dos Hermanas"]
[Date "2004.03.08"]
[Round "5"]
[White "Kanep, Meelis"]
[Black "Schiller, Eric Andrew"]
[Result "0-1"]
[WhiteElo "2452"]
[BlackElo "2201"]
[PlyCount "66"]
[EventDate "2004.03.08"]
[EventType "swiss (blitz)"]
[EventRounds "9"]
[EventCountry "ESP"]
[SourceTitle "CBM 099 Extra"]
[Source "ChessBase"]
[SourceDate "2004.05.04"]
[SourceVersion "1"]
[SourceVersionDate "2004.05.04"]
[SourceQuality "1"]

1. d4 g6 2. e4 Bg7 3. Nc3 c5 4. dxc5 Bxc3+ 5. bxc3 Qa5 6. Nf3 Qxc3+ 7. Bd2 Qxc5 8. Bd3 Nf6 9. 0-0 d6 10. Rb1 0-0 11. Bh6 Rd8 12. Rb5 Qc7 13. Qa1 a6 14. Rg5 Nc6 15. Re1 Be6 16. h4 b5 17. h5 Ne5 18. Nd4 Bc4 19. hxg6 hxg6 20. Rg3 Bxd3 21. cxd3 Rdc8 22. Qd1 b4 23. Bg5 Qa7 24. Be3 Qd7 25. Nf5 Qe6 26. Bg5 Rc3 27. d4 Rxg3 28. Nxg3 Ned7 29. d5 Qe5 30. f4 Qc3 31. Kh2 Kg7 32. Nf1 Ng4+ 33. Kg1 Qc5+ 0-1

[Event "Internet Section 08A g/8'+2\""]
[Site "Dos Hermanas"]
[Date "2004.03.08"]
[Round "7"]
[White "Schiller, Eric Andrew"]
[Black "Altounian, Levon"]
[Result "1-0"]
[WhiteElo "2201"]
[BlackElo "2446"]
[PlyCount "107"]
[EventDate "2004.03.08"]
[EventType "swiss (blitz)"]
[EventRounds "9"]
[EventCountry "ESP"]
[SourceTitle "CBM 099 Extra"]
[Source "ChessBase"]
[SourceDate "2004.05.04"]
[SourceVersion "1"]
[SourceVersionDate "2004.05.04"]
[SourceQuality "1"]

1. e4 d6 2. d4 Nf6 3. Bd3 Nc6 4. c3 e5 5. Nf3 Bg4 6. d5 Ne7 7. h3 Bd7 8. Bg5 Ng6 9. c4 Be7 10. Nc3 0-0 11. Qd2 Nh5 12. Bxe7 Qxe7 13. 0-0-0 Nhf4 14. Bf1 f5 15. g3 fxe4 16. Nxe4 Nh5 17. Nfg5 h6 18. Be2 Nf6 19. Nxf6+ Qxf6 20. Ne4 Qf7 21. Bh5 Qf5 22. Qe2 Kh7 23. Rdg1 c6 24. Nxd6 Qxf2 25. Qxf2 Rxf2 26. Ne4 Rff8 27. d6 b6 28. c5 Be6 29. a3 Bd5 30. Re1 bxc5 31. Rh2 Rad8 32. Rd2 c4 33. Kc2 Nh8 34. Bg4 Nf7 35. d7 Kg6 36. h4 h5 37. Bh3 Nh6 38. Nc5 e4 39. Be6 Ng4 40. Bxd5 cxd5 41. Rxd5 Rf2+ 42. Kc3 Nf6 43. Rd4 Kf7 44. Nxe4 Nxe4+ 45. Rexe4 Rf3+ 46. Kxc4 Rxg3 47. Kc5 g5 48. Kd6 gxh4 49. Re7+ Kf6 50. Re6+ Kf5 51. Re8 Rg8 52. Rxd8 Rxd8 53. Rxh4 Kg5 54. Rh1 1-0

[Event "Internet Section 08A g/8'+2\""]
[Site "Dos Hermanas"]
[Date "2004.03.08"]
[Round "3"]
[White "Schiller, Eric Andrew"]
[Black "Murzin, Lenar"]
[Result "1-0"]
[WhiteElo "2201"]
[BlackElo "2244"]
[PlyCount "73"]
[EventDate "2004.03.08"]
[EventType "swiss (blitz)"]
[EventRounds "9"]
[EventCountry "ESP"]
[SourceTitle "CBM 099 Extra"]
[Source "ChessBase"]
[SourceDate "2004.05.04"]
[SourceVersion "1"]
[SourceVersionDate "2004.05.04"]
[SourceQuality "1"]

1. e4 e5 2. Bc4 Nf6 3. Nf3 Nxe4 4. Nc3 Nf6 5. Nxe5 d5 6. Bb3 Bd6 7. d4 c6 8. 0-0 0-0 9. Bg5 h6 10. Bf4 Bf5 11. Qf3 Be4 12. Nxe4 Nxe4 13. c3 Nd7 14. Bc2 Ndf6 15. h3 Re8 16. Rfe1 Qc7 17. Re2 Re7 18. Rae1 Rae8 19. a3 Re6 20. Bb1 R8e7 21. c4 Re8 22. Ba2 b6 23. cxd5 cxd5 24. Rc1 Qb7 25. Rec2 R6e7 26. Rc6 Bb8 27. b4 a6 28. a4 b5 29. a5 Ba7 30. Be3 Ng5 31. Bxg5 hxg5 32. Rxf6 gxf6 33. Bxd5 Qb8 34. Qxf6 Bxd4 35. Bxf7+ Kh7 36. Qg6+ Kh8 37. Qh6# 1-0

[Event "Internet Section 08B g/8'+2\""]
[Site "Dos Hermanas"]
[Date "2004.03.08"]
[Round "3"]
[White "Schiller, Eric Andrew"]
[Black "Simpson, Ronald"]
[Result "1-0"]
[WhiteElo "2201"]
[BlackElo "2268"]
[PlyCount "85"]
[EventDate "2004.03.08"]
[EventType "swiss (blitz)"]
[EventRounds "9"]
[EventCountry "ESP"]
[SourceTitle "CBM 099 Extra"]
[Source "ChessBase"]
[SourceDate "2004.05.04"]
[SourceVersion "1"]
[SourceVersionDate "2004.05.04"]
[SourceQuality "1"]

1. e4 c5 2. c3 d5 3. exd5 Qxd5 4. Nf3 Nf6 5. d4 e6 6. Bd3 Nc6 7. 0-0 Be7 8. c4 Qd6 9. dxc5 Qxc5 10. Nc3 0-0 11. Qe2 Nd4 12. Nxd4 Qxd4 13. Rd1 Qh4 14. Ne4 Nxe4 15. Bxe4 e5 16. Bf3 Bf6 17. g3 Qh3 18. Be3 a6 19. Rd2 Rb8 20. Rad1 Be6 21. b3 b6 22. c5 bxc5 23. Qxa6 c4 24. bxc4 Rfc8 25. c5 h5 26. Qe2 g6 27. c6 Rc7 28. Bc5 Rbc8 29. Bd6 Rxc6 30. Bxc6 Rxc6 31. Qf3 Rxd6 32. Rxd6 Kg7 33. a4 Be7 34. Ra6 Bg4 35. Qd5 Bxd1 36. Qxe5+ Kh7 37. Ra8 g5 38. Qxe7 Qf5 39. Qf8 Qf6 40. Qg8+ Kh6 41. Qh8+ Qxh8 42. Rxh8+ Kg7 43. Ra8 1-0

[Event "Internet Section 07B g/8'+2\""]
[Site "Dos Hermanas"]
[Date "2004.03.07"]
[Round "5"]
[White "Araiza Nieto, Victor Fernando"]
[Black "Schiller, Eric Andrew"]
[Result "0-1"]
[WhiteElo "2027"]
[BlackElo "2201"]
[PlyCount "76"]
[EventDate "2004.03.07"]
[EventType "swiss (blitz)"]
[EventRounds "9"]
[EventCountry "ESP"]
[SourceTitle "CBM 099 Extra"]
[Source "ChessBase"]
[SourceDate "2004.05.04"]
[SourceVersion "1"]
[SourceVersionDate "2004.05.04"]
[SourceQuality "1"]

1. d4 g6 2. Nf3 Bg7 3. Bg5 c5 4. e3 cxd4 5. exd4 Qa5+ 6. c3 d6 7. Nbd2 Nf6 8. Bd3 0-0 9. 0-0 Be6 10. Re1 Nc6 11. Qe2 Rfe8 12. Nc4 Qc7 13. Ne3 d5 14. Nf1 a6 15. a4 Na5 16. Ne5 Nc4 17. Nxc4 dxc4 18. Bc2 b5 19. axb5 axb5 20. Nd2 Nd5 21. Ne4 Bf5 22. f3 e5 23. dxe5 Bxe5 24. Rxa8 Rxa8 25. Qd2 Bxh2+ 26. Kh1 Be6 27. Nf6+ Nxf6 28. Bxf6 Bf4 29. Qd4 Qd6 30. Qe4 Qb8 31. Qd4 Qd6 32. Qe4 Bd5 33. Qd4 Bc6 34. Qxd6 Bxd6 35. Rd1 Bf8 36. Kh2 Re8 37. Kh3 Bb7 38. Rd7 Bc8 0-1

[Event "Internet Section 07B g/8'+2\""]
[Site "Dos Hermanas"]
[Date "2004.03.07"]
[Round "7"]
[White "Schiller, Eric Andrew"]
[Black "Prasetyo, Aditya"]
[Result "1/2-1/2"]
[WhiteElo "2201"]
[BlackElo "2148"]
[PlyCount "168"]
[EventDate "2004.03.07"]
[EventType "swiss (blitz)"]
[EventRounds "9"]
[EventCountry "ESP"]
[SourceTitle "CBM 099 Extra"]
[Source "ChessBase"]
[SourceDate "2004.05.04"]
[SourceVersion "1"]
[SourceVersionDate "2004.05.04"]
[SourceQuality "1"]

1. e4 c6 2. d4 d5 3. e5 Bf5 4. Nf3 e6 5. Be2 Nd7 6. 0-0 Ne7 7. c3 Bg6 8. Nbd2 Nf5 9. Re1 Be7 10. Nf1 0-0 11. Bf4 h6 12. h3 Nh4 13. Bd3 Bxd3 14. Qxd3 Ng6 15. Bg3 Qb6 16. b4 a5 17. a3 Qa6 18. Qxa6 Rxa6 19. N3d2 Rfa8 20. Nb3 axb4 21. axb4 Rxa1 22. Rxa1 Rxa1 23. Nxa1 b6 24. Nc2 Nh4 25. Bxh4 Bxh4 26. g3 Be7 27. f4 g6 28. Kf2 h5 29. Kf3 Kf8 30. Nfe3 Ke8 31. g4 hxg4+ 32. hxg4 c5 33. b5 cxd4 34. cxd4 Kf8 35. f5 gxf5 36. gxf5 Bg5 37. fxe6 fxe6 38. Nb4 Be7 39. Nc6 Ba3 40. Ke2 Ke8 41. Kd3 Nf8 42. Ng4 Nh7 43. Kc3 Bc1 44. Kc2 Bg5 45. Kd3 Nf8 46. Nh2 Ng6 47. Nf3 Bc1 48. Kc2 Ba3 49. Kb3 Bf8 50. Kc2 Bh6 51. Kd3 Nf4+ 52. Kc2 Ng2 53. Kd3 Ne3 54. Nd2 Nf5 55. Nf3 Bf4 56. Nb4 Kd7 57. Nc2 Ng3 58. Nb4 Ne4 59. Nc2 Kc7 60. Nh4 Nd2 61. Ng6 Bh6 62. Nb4 Nc4 63. Nc2 Kd7 64. Nh4 Bf4 65. Ng2 Bc1 66. Nge1 Ba3 67. Nf3 Be7 68. Nh2 Ke8 69. Ng4 Kf7 70. Nge3 Na3 71. Nxa3 Bxa3 72. Nc2 Be7 73. Ke3 Kg6 74. Kd3 Kf5 75. Ne3+ Kf4 76. Nc2 Kf3 77. Ne1+ Kf2 78. Nc2 Bf8 79. Ne3 Kf3 80. Nc2 Be7 81. Ne3 Bg5 82. Nc2 Be7 83. Ne3 Ba3 84. Nc2 Be7 1/2-1/2